Dane v malých a stredných podnikoch

Bibliographic Details
Main Author: Frajtová Michalíková, Katarína, 1980-2026 (Author)
Format: Article
Language:Slovak
ISBN:8080705720
Subjects:

MARC

LEADER 00000naa a2200000 ar4500
001 vtls009934335
003 SK-MaSNL
005 20260519110837.0
008 090729t2006 xo dr|p|||||||000 b|slo
015 |a SNBRA2009/07  |2 snkbucl 
038 |a SNKBUCL 
040 |a SNKBUCL  |b slo  |c SNKBUCL  |e AACR2 
041 0 |a slo  |b eng 
044 |a xo  |c SK 
080 |a 336.22:658.11.017.2/.3  |x (437.6)  |2 2001 
080 |a 658.11.017.2/.3  |x (437.6)  |2 2001 
100 1 |a Frajtová Michalíková, Katarína,  |d 1980-2026  |4 aut  |9 1639040 
245 1 0 |a Dane v malých a stredných podnikoch  |c Katarína Frajtová-Michalíková 
504 |a Bibliogr. odkazy 
546 |a Res. angl. 
650 0 7 |a malé podniky  |2 snkbucl  |9 2191 
650 0 7 |a stredné podniky  |2 snkbucl  |9 2193 
650 0 7 |a dane  |2 snkbucl  |9 2123 
651 7 |a Slovensko  |2 snkbucl  |9 14231 
773 0 |t Sympózium Manažment '06  |d Žilina : Žilinská univerzita, 2006  |g S. 237-240  |z 8080705720 
852 |a SNK  |b KIS3GCP 
958 |a NB 
958 |a SK 
999 |c 1349472  |d 1351402